The transpormation of the world
This book introduce about changing patterns in World economy, the sciencentiffic and technological revolution, social powwer, yuoth, sex, family...
Bewaard in:
| Formaat: | Boek |
|---|---|
| Taal: | Undetermined |
| Gepubliceerd in: |
London
United Nations University in association with Macmillan Press
1984
|
| Onderwerpen: | |
| Tags: |
Voeg label toe
Geen labels, Wees de eerste die dit record labelt!
|
| Thư viện lưu trữ: | Trung tâm Học liệu Trường Đại học Cần Thơ |
|---|
| LEADER | 00709nam a2200181Ia 4500 | ||
|---|---|---|---|
| 001 | CTU_227565 | ||
| 008 | 210402s9999 xx 000 0 und d | ||
| 082 | |a 330.9 | ||
| 082 | |b T772/Vol.2 | ||
| 245 | 4 | |a The transpormation of the world | |
| 245 | 0 | |c Edited by Mike Gonzalez... [et al.] | |
| 260 | |a London | ||
| 260 | |b United Nations University in association with Macmillan Press | ||
| 260 | |c 1984 | ||
| 520 | |a This book introduce about changing patterns in World economy, the sciencentiffic and technological revolution, social powwer, yuoth, sex, family... | ||
| 650 | |a Kinh tế và xã hội,Economy and society | ||
| 910 | |b dqhieu | ||
| 980 | |a Trung tâm Học liệu Trường Đại học Cần Thơ | ||